000 00672nam a2200193 u 4500
001 000366406
003 AM-YeHGA
005 20250617131803.0
008 041005s1984 ||| r 000 0 rus d
040 _aAM-YeHGA
041 1 _arus
_hgrc
100 1 _aКавафис, Константинос
245 1 0 _aЛирика :
_bПер. с новогр. /
_cКонстантинос Кавафис; Сост., вступ. ст., и примеч. С. Ильинской.
260 _aМосква :
_bХудож. лит.,
_c1984.
300 _a158 с.
653 0 _aГреческая поэзия
700 1 _aИльинская, С.
_eсост.
_4com
090 _c141462
999 _c140084
_d140084